00820nam a22002537a 45000050016000000100032000160200026000480350013000740350018000870370013001050370027001180820014001452450126001592600040002852700061003253000028003865000019004146500019004336500018004526500032004707000020005027000020005227000024005422010080205235.0 aENG-97922 B-424842-847 a9788178311852c100.00 aEN-81455 a B-424842-847 bDBAD/PUB bResearchco Book Centre a305.23095 aChildhood, child labour and youth :cedited by Vinod Chandra, Mahaveer Jain and Sunil Dutt Sharmabcontested boundaries / aNew DelhibManak Publicationsc2009 aB-7, Saraswati Complex, Subhash ChowkbNew Delhie110092 axvi, 373 p. c24cm (Hb) aIncludes index aChild welfare  aChild labour  aChildrenvSocial conditions aChandra, Vinod  aJain, Mahaveer  aSharma, Sunil Dutt